| 000 | 00630nam a22002057a 4500 | ||
|---|---|---|---|
| 003 | OSt | ||
| 005 | 20251023064236.0 | ||
| 008 | 250930b |||||||| |||| 00| 0 eng d | ||
| 020 | _a978-0-07-128760-9. | ||
| 040 |
_aDWCL-Main lib _cOC |
||
| 082 | _aCirc. 658 B329m 2009 | ||
| 100 | _aThomas S. Bateman | ||
| 245 |
_aManagement : _bleading and collaborating in a competitive world |
||
| 260 |
_aN. Y. : _bMcGraw-Hill/Irwin, _cc2009. |
||
| 300 |
_axxxvi, (various paging) : _bcolored illustration ; _c28 cm. |
||
| 504 | _aIncludes index. | ||
| 650 | _21. Management. | ||
| 700 | _aScott A. Snell | ||
| 942 |
_2ddc _cBK-CIRC _kCirc. _n0 |
||
| 999 |
_c4575 _d4575 |
||